000 00451nam a2200157 i 4500
001 145814
003 ES-MaACL
005 20230906201325.0
007 t|
008 071017s1962 sp ||||1| spa d
100 1 _aMackaness, George.
_975242
245 1 0 _aVerdadera historia de la rebelión en la "Bounty" /
_cGeorge Mackaness.
260 _aBarcelona :
_bJuventud,
_c[1962]
300 _a267 p. ;
_c18 cm.
852 _aES-MaACL
_jC-23746
_bR.52072
999 _c145814
_d145814